=LDR 00000nam 2200000 4500 =001 INLIS000000000003535 =005 20130612091834 =008 ***********************************Ind** =035 ##$$0010-061300000003535 =041 ##$$a Ind =082 ##$$a 610.73 =090 ##$$a 610.73, Muh i =100 ##$$a Mukhtaruddin,St =245 ##$$a Ilmu balut, St. Muchtaruddin =260 ##$$a 1981 $b Jakarta =300 ##$$a 151 hlm.6bilus, 21 cm =650 ##$$a Ilmu perawat =850 ##$$a NBPNMAT